00478 2200181 4500001002100000005001500021035002000036007000300056008004100059020001700100082001000117084001600127100002400143245004300167260003200210300004400242650001000286INLIS00000000000002020260413090106 a0010-0426000006ta260413 g 0 ind  a978622043140 a294.5 a294.5 JRO p0 aJro Mangku Pulasari1 aPangayam Ayaman /cJro Mangku Pulasari aSurabaya :bParamita,c2013 aii, 58 hlm. :bilus. ;c14.5cm x 20.5cm 4aHindu